000 00758nam a2200229 i 4500
001 176974
003 ES-MaACL
005 20230906220226.0
008 110222s1981 sp |||| | spa d
020 _a84-85303-56-3
080 _a34(460.22)(063)
100 1 _aCosta, Joaquín,
_d1846-1911
_941054
245 1 3 _aLa libertad civil y el Congreso de Jurisconsultos Aragoneses /
_cJoaquín Costa ; introducción de Jesús Delgado.
260 _aZaragoza :
_bGuara,
_c1981.
300 _a542 p. ;
_c21 cm.
490 1 _aObras de de Joaquín Costa ;
_v1
650 4 _aFueros-
_zAragón.
_9136142
700 0 _aDelgado, Jesús.
_943409
830 0 _aObras de Joaquín Costa
_v1
_9190320
852 _aES-MaACL
_jP-1276(1)
999 _c176974
_d176974